Informe de derechos humanos (Record no. 172734)

MARC details
000 -LEADER
campo de control de longitud fija 00740nam a22001935i 4500
001 - NÚMERO DE CONTROL
campo de control 172734
003 - IDENTIFICADOR DE NÚMERO DE CONTROL
campo de control ES-MaACL
005 - FECHA Y HORA DE LA ÚLTIMA TRANSACCIÓN
campo de control 20230906215024.0
008 - DATOS DE LONGITUD FIJA--INFORMACIÓN GENERAL
campo de control de longitud fija 090907s2006 ck |||| | spa d
080 ## - NÚMERO DE LA CLASIFICACIÓN DECIMAL UNIVERSAL
Número de la Clasificación Decimal Universal 343.4(861)
080 ## - NÚMERO DE LA CLASIFICACIÓN DECIMAL UNIVERSAL
Número de la Clasificación Decimal Universal 323.26/28(861)
110 2# - ENTRADA PRINCIPAL--NOMBRE DE ENTIDAD CORPORATIVA
Nombre de entidad corporativa o nombre de jurisdicción como elemento de entrada Fundación de Derechos Humanos "Joel Sierra"
9 (RLIN) 141236
245 10 - MENCIÓN DEL TÍTULO
Título Informe de derechos humanos
Resto del título : Arauca 2004, 1er. semestre de 2006 /
Mención de responsabilidad, etc. Fundación Comité Regional de Derechos Humanos "Joel Sierra".
260 ## - PUBLICACIÓN, DISTRIBUCIÓN, ETC.
Lugar de publicación, distribución, etc. [Arauca] :
Nombre del editor, distribuidor, etc. Fundación de Derechos Humanos "Joel Sierra,
Fecha de publicación, distribución, etc. [2006]
300 ## - DESCRIPCIÓN FÍSICA
Extensión 100 p. :
Otras características físicas il. ;
Dimensiones 25 cm.
650 14 - PUNTO DE ACCESO ADICIONAL DE MATERIA--TÉRMINO DE MATERIA
Término de materia o nombre geográfico como elemento de entrada Derechos humanos-
Subdivisión geográfica Colombia.
9 (RLIN) 141237
650 #4 - PUNTO DE ACCESO ADICIONAL DE MATERIA--TÉRMINO DE MATERIA
Término de materia o nombre geográfico como elemento de entrada Violencia política-
Subdivisión geográfica Colombia.
9 (RLIN) 141238
852 ## - LOCALIZACIÓN
Ubicación ES-MaACL
Número de control de estantería 2298-F-15
itemnumber .- R.145199
Holdings
Estatus retirado Estado de pérdida Estado de daño No para préstamo Colección Biblioteca de origen Biblioteca actual Ubicación en estantería Fecha de adquisición Fuente de adquisición Total de préstamos Signatura topográfica completa Código de barras Visto por última vez Precio de reemplazo Tipo de ítem Koha
        Colección de folletos Biblioteca del Ateneo de Madrid Biblioteca del Ateneo de Madrid Depósito folletos 09/09/2009     2298-F-15 1181326 23/02/2023 23/02/2023 Folleto